00602nam a2200169 a 450000500170000000800410001702000180005805000220007610000160009824500840011426000390019830000220023752001080025965000220036765000220038965000210041120140412111307.0010425s19uu xx 00 eng d a0-688-14395-4 aTR(PS EbEn3 1990 aPaxton, Tom aEngelbert the elephant /cwritten by Tom Paxton; illustrated by Steven Kellogg. aNew York :bMulberry Books,c1990. a1v. (unp.) ; ill. aAn elephant's dancing skills and good manners surprise everyone at the royal ballm including the queen. aElephants-Fiction aDancing - Fiction aStories in rhyme